[Event "Canadian op"]
[Site "Toronto"]
[Date "1983.07.16"]
[Round "9"]
[White "Van Leusden, Jacques"]
[Black "Cunningham, Thomas L"]
[Result "0-1"]
[WhiteElo "2042"]
[BlackElo "2167"]
[PlyCount "70"]
[EventDate "1983.07.09"]
[EventType "swiss"]
[EventRounds "10"]
[EventCountry "CAN"]
[SourceTitle "EXT 2022"]
[Source "ChessBase"]
[SourceDate "2021.10.06"]
[SourceVersion "1"]
[SourceVersionDate "2021.10.06"]
[SourceQuality "1"]

1. e4 e5 2. Nf3 Nc6 3. Bb5 g6 4. d4 exd4 5. Nxd4 Bg7 6. Be3 Nge7 7. Nc3 0-0 8. 0-0 a6 9. Be2 d6 10. f4 Nxd4 11. Bxd4 Nc6 12. Bxg7 Kxg7 13. f5 f6 14. Rf3 Ne5 15. Rg3 Bd7 16. Nd5 g5 17. Bd3 Be8 18. Qe2 Bf7 19. Nf4 Qe7 20. h4 h6 21. Rf1 Rae8 22. Nh5+ Bxh5 23. Qxh5 Qf7 24. Qe2 Qxa2 25. b3 Qb2 26. Qh5 Qd4+ 27. Kh1 Rh8 28. Rd1 Qf2 29. Kh2 Ref8 30. Bc4 Rh7 31. Be6 Kh8 32. Rh3 g4 33. Rc3 Qe2 34. Rd5 g3+ 35. Kh3 Qxh5 0-1

[Event "Canadian op"]
[Site "Toronto"]
[Date "1983.07.10"]
[Round "3"]
[White "Jauregui Andrade, Carlos"]
[Black "Van Leusden, Jacques"]
[Result "1-0"]
[WhiteElo "2191"]
[BlackElo "2042"]
[PlyCount "25"]
[EventDate "1983.07.09"]
[EventType "swiss"]
[EventRounds "10"]
[EventCountry "CAN"]
[SourceTitle "EXT 2022"]
[Source "ChessBase"]
[SourceDate "2021.10.06"]
[SourceVersion "1"]
[SourceVersionDate "2021.10.06"]
[SourceQuality "1"]

1. Nf3 d6 2. d4 Nf6 3. g3 g6 4. Bg2 c5 5. 0-0 cxd4 6. Nxd4 Bg7 7. c4 0-0 8. Nc3 Qc7 9. b3 Nc6 10. Bb2 Nxd4 11. Qxd4 Be6 12. Rac1 Nd7 13. Qxg7+ 1-0

[Event "Toronto"]
[Site "Toronto"]
[Date "1982.02.??"]
[Round "7"]
[White "Findlay, Ian T"]
[Black "Van Leusden, Jacques"]
[Result "1-0"]
[WhiteElo "2250"]
[BlackElo "2066"]
[PlyCount "67"]
[EventDate "1982.02.??"]
[EventType "tourn"]
[EventRounds "11"]
[EventCountry "CAN"]
[SourceTitle "EXT 2022"]
[Source "ChessBase"]
[SourceDate "2021.10.06"]
[SourceVersion "1"]
[SourceVersionDate "2021.10.06"]
[SourceQuality "1"]

1. e4 e6 2. d4 d5 3. Nc3 Bb4 4. e5 c5 5. a3 Bxc3+ 6. bxc3 Ne7 7. Nf3 Bd7 8. a4 Nbc6 9. Bd3 Qa5 10. Qd2 c4 11. Be2 0-0-0 12. 0-0 h6 13. Ne1 Rdg8 14. f4 f5 15. exf6 gxf6 16. Bh5 Nf5 17. Ba3 Nfxd4 18. Bb4 Qb6 19. cxd4 Qxb4 20. c3 Qd6 21. Nc2 Rg7 22. a5 Rhg8 23. Ne3 Be8 24. Bxe8 Rxe8 25. a6 b6 26. f5 e5 27. dxe5 fxe5 28. Kh1 Qc5 29. Rf3 d4 30. cxd4 Nxd4 31. Rd1 Nc6 32. Nxc4 Ree7 33. Nd6+ Kc7 34. Rc3 1-0

[Event "Toronto"]
[Site "Toronto"]
[Date "1982.02.??"]
[Round "9"]
[White "Nickoloff, Bryon"]
[Black "Van Leusden, Jacques"]
[Result "0-1"]
[WhiteElo "2343"]
[BlackElo "2066"]
[PlyCount "58"]
[EventDate "1982.02.??"]
[EventType "tourn"]
[EventRounds "11"]
[EventCountry "CAN"]
[SourceTitle "EXT 2022"]
[Source "ChessBase"]
[SourceDate "2021.10.06"]
[SourceVersion "1"]
[SourceVersionDate "2021.10.06"]
[SourceQuality "1"]

1. e4 e6 2. d4 d5 3. Nc3 Bb4 4. e5 c5 5. a3 Bxc3+ 6. bxc3 Ne7 7. a4 Nbc6 8. Nf3 Bd7 9. Bd3 Qa5 10. Qd2 c4 11. Be2 f6 12. Ba3 0-0-0 13. 0-0 Nf5 14. Rfb1 fxe5 15. Nxe5 Nxe5 16. dxe5 h5 17. Bf1 Bc6 18. Bb4 Qc7 19. Bc5 Kb8 20. Bd4 g5 21. Qxg5 Rdg8 22. Qd2 Nh4 23. Kh1 Qg7 24. f4 Nf5 25. Qf2 h4 26. Bxa7+ Kc8 27. Bd4 Ng3+ 28. Kg1 Ne4 29. Qe3 Qf7 0-1

[Event "Toronto"]
[Site "Toronto"]
[Date "1982.02.??"]
[Round "8"]
[White "Van Leusden, Jacques"]
[Black "Day, Lawrence A"]
[Result "0-1"]
[WhiteElo "2066"]
[BlackElo "2439"]
[PlyCount "54"]
[EventDate "1982.02.??"]
[EventType "tourn"]
[EventRounds "11"]
[EventCountry "CAN"]
[SourceTitle "EXT 2022"]
[Source "ChessBase"]
[SourceDate "2021.10.06"]
[SourceVersion "1"]
[SourceVersionDate "2021.10.06"]
[SourceQuality "1"]

1. e4 g6 2. d4 d6 3. Nf3 Nf6 4. Nc3 Bg7 5. Be2 0-0 6. 0-0 c6 7. a4 a5 8. h3 Na6 9. Bf4 Nb4 10. Qd2 Kh8 11. Rad1 Ng8 12. Kh2 b6 13. Rfe1 Ra7 14. d5 cxd5 15. Nb5 Rd7 16. c3 dxe4 17. Nfd4 e5 18. Bg5 e3 19. Qxe3 exd4 20. Nxd4 Nd5 21. Qd2 Bf6 22. Bxf6+ Qxf6 23. Bb5 Re7 24. Nc6 Rxe1 25. Qxe1 Nc7 26. Nd4 Bb7 27. Qe3 Ne7 0-1

[Event "Toronto"]
[Site "Toronto"]
[Date "1982.02.??"]
[Round "2"]
[White "Van Leusden, Jacques"]
[Black "Hergott, Deen"]
[Result "0-1"]
[WhiteElo "2066"]
[BlackElo "2216"]
[PlyCount "86"]
[EventDate "1982.02.??"]
[EventType "tourn"]
[EventRounds "11"]
[EventCountry "CAN"]
[SourceTitle "EXT 2022"]
[Source "ChessBase"]
[SourceDate "2021.10.06"]
[SourceVersion "1"]
[SourceVersionDate "2021.10.06"]
[SourceQuality "1"]

1. e4 c5 2. f4 g6 3. Nf3 Bg7 4. Nc3 Nc6 5. Bb5 Nd4 6. Nxd4 cxd4 7. Ne2 a6 8. Bc4 b5 9. Bb3 Bb7 10. d3 Nh6 11. f5 e6 12. 0-0 gxf5 13. Ng3 Qh4 14. Nh5 Be5 15. Bf4 Bxf4 16. Rxf4 Ng4 17. h3 Qxh5 18. hxg4 fxg4 19. Qe2 Rg8 20. g3 Qh3 21. Qf2 f5 22. Rxf5 exf5 23. Bxg8 0-0-0 24. Bd5 Bxd5 25. exd5 h5 26. a4 b4 27. c3 h4 28. cxb4 hxg3 29. Rc1+ Kb8 30. Qc2 Qh2+ 31. Qxh2 gxh2+ 32. Kxh2 f4 33. Rc4 Rh8+ 34. Kg2 Rh3 35. Rxd4 f3+ 36. Kf2 Rh2+ 37. Kg3 Rg2+ 38. Kh4 f2 39. Rf4 Kc7 40. Kg5 g3 41. b5 axb5 42. axb5 Rg1 43. d6+ Kxd6 0-1

[Event "Toronto"]
[Site "Toronto"]
[Date "1982.02.??"]
[Round "6"]
[White "Van Leusden, Jacques"]
[Black "Lavin, David"]
[Result "0-1"]
[WhiteElo "2066"]
[BlackElo "2191"]
[PlyCount "58"]
[EventDate "1982.02.??"]
[EventType "tourn"]
[EventRounds "11"]
[EventCountry "CAN"]
[SourceTitle "EXT 2022"]
[Source "ChessBase"]
[SourceDate "2021.10.06"]
[SourceVersion "1"]
[SourceVersionDate "2021.10.06"]
[SourceQuality "1"]

1. Nc3 d5 2. e4 dxe4 3. Nxe4 e5 4. Nf3 f5 5. Bc4 fxe4 6. Nxe5 Qg5 7. d4 Qxg2 8. Qh5+ g6 9. Bf7+ Kd8 10. Bxg6 hxg6 11. Qxh8 Qxh1+ 12. Ke2 Bg4+ 13. Nxg4 Qf3+ 14. Ke1 Qxg4 15. Qxg8 Nd7 16. Bh6 Ke7 17. Rd1 Bxh6 18. Qxa8 e3 19. fxe3 Qg1+ 20. Ke2 Qxe3+ 21. Kf1 Qf3+ 22. Ke1 Be3 23. Rd2 Bxd2+ 24. Kxd2 Nf6 25. c3 Ne4+ 26. Kc2 Qe2+ 27. Kb3 Nd2+ 28. Ka4 Qa6+ 29. Kb4 Qc4+ 0-1

[Event "Toronto"]
[Site "Toronto"]
[Date "1982.02.??"]
[Round "1"]
[White "Van Leusden, Jacques"]
[Black "Morrison, Robert"]
[Result "0-1"]
[WhiteElo "2066"]
[BlackElo "2341"]
[PlyCount "42"]
[EventDate "1982.02.??"]
[EventType "tourn"]
[EventRounds "11"]
[EventCountry "CAN"]
[SourceTitle "EXT 2022"]
[Source "ChessBase"]
[SourceDate "2021.10.06"]
[SourceVersion "1"]
[SourceVersionDate "2021.10.06"]
[SourceQuality "1"]

1. a3 Nf6 2. d4 g6 3. Nf3 Bg7 4. Bg5 c5 5. e3 0-0 6. Nbd2 b6 7. Be2 Bb7 8. 0-0 Nc6 9. c4 cxd4 10. exd4 d5 11. Rc1 h6 12. Bh4 Re8 13. Qa4 g5 14. Bg3 g4 15. Ne5 Nxd4 16. Bd3 Ne4 17. Bxe4 Ne2+ 18. Kh1 dxe4 19. Qd1 Nxg3+ 20. fxg3 e3 21. Qxg4 Qxd2 0-1

[Event "Toronto Reserves"]
[Site "Toronto"]
[Date "1981.02.08"]
[Round "2"]
[White "Saxe, Barry"]
[Black "Van Leusden, Jacques"]
[Result "0-1"]
[WhiteElo "2075"]
[BlackElo "2015"]
[PlyCount "74"]
[EventDate "1981.02.05"]
[EventType "tourn"]
[EventRounds "11"]
[EventCountry "CAN"]
[SourceTitle "EXT 2022"]
[Source "ChessBase"]
[SourceDate "2021.10.06"]
[SourceVersion "1"]
[SourceVersionDate "2021.10.06"]
[SourceQuality "1"]

1. c4 f5 2. d4 Nf6 3. g3 g6 4. Bg2 Bg7 5. Nf3 0-0 6. 0-0 d6 7. Nc3 Nc6 8. Be3 e5 9. dxe5 Nxe5 10. Nxe5 dxe5 11. Qb3 c6 12. Rad1 Qe7 13. Na4 Re8 14. Rd2 Ng4 15. Bc5 Qf7 16. h3 Nf6 17. Qc2 f4 18. b3 Bf5 19. Qd1 g5 20. Bd6 Qh5 21. e3 Qh6 22. g4 Be4 23. f3 fxe3 24. Re2 Bg6 25. Rxe3 Rad8 26. Rf2 e4 27. Rd2 exf3 28. Rxf3 Qh4 29. Rf1 Ne4 30. Rd3 Rxd6 31. Rxd6 Nxd6 32. Qxd6 Be5 33. Qd1 Qg3 34. Rf3 Qh2+ 35. Kf1 Bg3 36. Rxg3 Qxg3 37. Nc5 Rf8+ 0-1

[Event "Toronto Reserves"]
[Site "Toronto"]
[Date "1981.02.07"]
[Round "6"]
[White "Van Leusden, Jacques"]
[Black "McGarrett, Ian"]
[Result "1-0"]
[WhiteElo "2015"]
[BlackElo "1775"]
[PlyCount "48"]
[EventDate "1981.02.05"]
[EventType "tourn"]
[EventRounds "11"]
[EventCountry "CAN"]
[SourceTitle "EXT 2022"]
[Source "ChessBase"]
[SourceDate "2021.10.06"]
[SourceVersion "1"]
[SourceVersionDate "2021.10.06"]
[SourceQuality "1"]

1. d4 Nf6 2. Nc3 e6 3. e4 d5 4. Bg5 dxe4 5. Nxe4 Be7 6. Bxf6 Bxf6 7. Nf3 0-0 8. c3 b6 9. Bd3 Bb7 10. Qc2 Be7 11. h4 h6 12. g4 f5 13. gxf5 exf5 14. Ned2 Bd6 15. 0-0-0 Bf4 16. Rh3 Qf6 17. h5 Nd7 18. Nh4 c5 19. Bxf5 Rfd8 20. Qb3+ Kh8 21. Ng6+ Kh7 22. Bb1 cxd4 23. Nxf4+ Kh8 24. Ng6+ Kh7 1-0

[Event "Toronto Reserves"]
[Site "Toronto"]
[Date "1980.02.21"]
[Round "9"]
[White "Hotz, Glyn"]
[Black "Van Leusden, Jacques"]
[Result "0-1"]
[WhiteElo "1891"]
[BlackElo "2004"]
[PlyCount "104"]
[EventDate "1980.01.24"]
[EventType "tourn"]
[EventRounds "11"]
[EventCountry "CAN"]
[SourceTitle "EXT 2022"]
[Source "ChessBase"]
[SourceDate "2021.10.06"]
[SourceVersion "1"]
[SourceVersionDate "2021.10.06"]
[SourceQuality "1"]

1. e4 e6 2. c4 d5 3. cxd5 exd5 4. e5 Nc6 5. d4 Bf5 6. Bd3 Bb4+ 7. Nc3 Nge7 8. Bxf5 Nxf5 9. Nf3 Nh4 10. Nxh4 Qxh4 11. Be3 f6 12. exf6 gxf6 13. a3 Bxc3+ 14. bxc3 Rg8 15. Qf3 0-0-0 16. Rb1 a6 17. Qf5+ Rd7 18. 0-0 Qg4 19. Qxg4 Rxg4 20. f3 Rg8 21. Bf4 Re7 22. Rfe1 Rge8 23. Kf2 Na5 24. Rxe7 Rxe7 25. Re1 Rxe1 26. Kxe1 Nc4 27. Bc1 Kd7 28. g4 Ke6 29. f4 f5 30. h3 a5 31. Kf2 Nd6 32. Ke3 b5 33. Ke2 Ne4 34. Bb2 Kf6 35. Ke3 Kg6 36. Ke2 fxg4 37. hxg4 h5 38. gxh5+ Kxh5 39. Ke3 Kg4 40. Ba1 Nd6 41. f5 Nc4+ 42. Kd3 Kxf5 43. Kc2 Nxa3+ 44. Kb3 Nc4 45. Ka2 Ke4 46. Kb1 Kd3 47. Kc1 a4 48. Kd1 Ne3+ 49. Kc1 Nc2 50. Bb2 a3 51. Bxa3 Nxa3 52. Kb2 Kc4 0-1

[Event "Toronto Reserves"]
[Site "Toronto"]
[Date "1980.02.17"]
[Round "8"]
[White "Van Leusden, Jacques"]
[Black "Campbell, Brett"]
[Result "0-1"]
[WhiteElo "2004"]
[BlackElo "1985"]
[PlyCount "60"]
[EventDate "1980.01.24"]
[EventType "tourn"]
[EventRounds "11"]
[EventCountry "CAN"]
[SourceTitle "EXT 2022"]
[Source "ChessBase"]
[SourceDate "2021.10.06"]
[SourceVersion "1"]
[SourceVersionDate "2021.10.06"]
[SourceQuality "1"]

1. d4 Nf6 2. Nc3 g6 3. e4 d6 4. f4 Bg7 5. Nf3 0-0 6. Bd3 Bg4 7. h3 Bxf3 8. Qxf3 Nc6 9. Be3 e5 10. dxe5 dxe5 11. f5 Nd4 12. Qf2 c6 13. g4 h6 14. 0-0-0 b5 15. Rdg1 c5 16. g5 hxg5 17. Bxg5 c4 18. Be2 Qb6 19. Qg2 b4 20. Nd1 Rac8 21. Ne3 b3 22. Bxc4 Rxc4 23. Nxc4 bxa2 24. Nxb6 a1Q+ 25. Kd2 Qxb2 26. Kd1 Qb1+ 27. Kd2 Qxc2+ 28. Ke1 Qb1+ 29. Kf2 Nxe4+ 30. Ke3 Qb3+ 0-1

[Event "Toronto Reserves"]
[Site "Toronto"]
[Date "1980.01.24"]
[Round "1"]
[White "Van Leusden, Jacques"]
[Black "Kremer, Mark"]
[Result "1/2-1/2"]
[WhiteElo "2004"]
[BlackElo "1867"]
[PlyCount "81"]
[EventDate "1980.01.24"]
[EventType "tourn"]
[EventRounds "11"]
[EventCountry "CAN"]
[SourceTitle "EXT 2022"]
[Source "ChessBase"]
[SourceDate "2021.10.06"]
[SourceVersion "1"]
[SourceVersionDate "2021.10.06"]
[SourceQuality "1"]

1. d4 Nf6 2. Nc3 d6 3. e4 Nbd7 4. Nf3 e5 5. Bc4 Be7 6. dxe5 dxe5 7. 0-0 0-0 8. Qe2 c6 9. Rd1 Qc7 10. a4 h6 11. Nh4 Nc5 12. Nf5 Ne6 13. Qf3 Nd4 14. Nxd4 Bg4 15. Qg3 Bxd1 16. Nf5 Bg4 17. Bxh6 gxh6 18. Nxh6+ Kh7 19. Nxg4 Nxg4 20. Qxg4 Qd6 21. Qf5+ Kg7 22. Rd1 Qf6 23. Qg4+ Qg5 24. Qf3 Rad8 25. Rxd8 Bxd8 26. Ne2 Bf6 27. Ng3 Rd8 28. h4 Qc1+ 29. Kh2 Qf4 30. Qxf4 exf4 31. Nh5+ Kg6 32. Nxf4+ Kh6 33. Nd3 Kg7 34. e5 Bxh4 35. g3 Be7 36. f4 Rd4 37. b3 Re4 38. Nf2 Re1 39. Bd3 a6 40. Ne4 Rd1 41. g4 1/2-1/2

[Event "Toronto Summer Special"]
[Site "Toronto"]
[Date "1979.08.12"]
[Round "9"]
[White "Van Leusden, Jacques"]
[Black "Pajak, John T"]
[Result "1-0"]
[WhiteElo "1982"]
[BlackElo "2083"]
[PlyCount "87"]
[EventDate "1979.08.04"]
[EventType "swiss"]
[EventRounds "9"]
[EventCountry "CAN"]
[SourceTitle "EXT 2022"]
[Source "ChessBase"]
[SourceDate "2021.10.06"]
[SourceVersion "1"]
[SourceVersionDate "2021.10.06"]
[SourceQuality "1"]

1. e4 c5 2. f4 g6 3. Nf3 Bg7 4. Nc3 Nc6 5. Bb5 d6 6. 0-0 a6 7. Bxc6+ bxc6 8. d3 Rb8 9. Qe1 Nh6 10. f5 Ng4 11. Qh4 gxf5 12. exf5 h5 13. h3 Nh6 14. Bxh6 Bxh6 15. Ng5 Bg7 16. Rae1 Bd4+ 17. Kh1 Rxb2 18. Nce4 Rxc2 19. f6 e5 20. Nxf7 Kxf7 21. Ng5+ Ke8 22. Qe4 Kd7 23. Nf7 Qg8 24. Nxh8 Qxh8 25. Qg6 Qf8 26. Qg7+ Ke8 27. Qc7 Bd7 28. Rb1 Bb2 29. Qb8+ Kf7 30. Rxb2 Rxb2 31. Qxb2 Qc8 32. Qe2 Qh8 33. Qe4 Qh6 34. Qc4+ Be6 35. Qxa6 Bd5 36. Qb7+ Kg6 37. f7 Qf8 38. a4 c4 39. dxc4 Bxc4 40. Rf2 Bd5 41. a5 e4 42. Qb2 Kh7 43. Qf6 e3 44. Rf5 1-0

[Event "Toronto"]
[Site "Toronto"]
[Date "1979.??.??"]
[Round "?"]
[White "Stoll, Drew Lamb"]
[Black "Van Leusden, Jacques"]
[Result "1-0"]
[WhiteElo "2078"]
[BlackElo "1931"]
[PlyCount "73"]
[EventDate "1979.??.??"]
[EventType "tourn"]
[EventRounds "11"]
[EventCountry "CAN"]
[SourceTitle "EXT 2022"]
[Source "ChessBase"]
[SourceDate "2021.10.06"]
[SourceVersion "1"]
[SourceVersionDate "2021.10.06"]
[SourceQuality "1"]

1. e4 e6 2. d3 d5 3. Nd2 Nf6 4. Ngf3 c5 5. g3 Nc6 6. Bg2 Be7 7. 0-0 0-0 8. e5 Nd7 9. Re1 b5 10. Nf1 Bb7 11. h4 Qb6 12. N1h2 a5 13. Ng4 Rfc8 14. Bg5 Qd8 15. Qe2 a4 16. a3 b4 17. Qe3 bxa3 18. bxa3 Ba6 19. c4 dxc4 20. Bxe7 Qxe7 21. Ng5 Nf8 22. dxc4 Rab8 23. Bxc6 Rxc6 24. Qf3 Rcb6 25. Nf6+ Kh8 26. Nfxh7 g6 27. Nf6 Bb7 28. Qg4 Ba8 29. h5 Qb7 30. Qh3 Kg7 31. Nge4 Rd8 32. Qh4 Qe7 33. hxg6 Bxe4 34. Rxe4 fxg6 35. Nh5+ Kf7 36. Rf4+ Ke8 37. Nf6+ 1-0

[Event "Quebec op"]
[Site "Montreal"]
[Date "1977.07.17"]
[Round "8"]
[White "Van Leusden, Jacques"]
[Black "Jobin, Gilles G"]
[Result "1-0"]
[WhiteElo "2036"]
[BlackElo "1799"]
[PlyCount "65"]
[EventDate "1977.07.10"]
[EventType "swiss"]
[EventRounds "8"]
[EventCountry "CAN"]
[SourceTitle "EXT 2022"]
[Source "ChessBase"]
[SourceDate "2021.10.06"]
[SourceVersion "1"]
[SourceVersionDate "2021.10.06"]
[SourceQuality "1"]

1. e4 e5 2. Nf3 Nc6 3. Bc4 Nf6 4. d4 exd4 5. 0-0 Be7 6. e5 Ne4 7. Bd5 Nc5 8. Re1 0-0 9. Nxd4 Nxd4 10. Qxd4 c6 11. Bb3 d5 12. Nc3 Bf5 13. Bf4 Qd7 14. Rad1 b6 15. Qe3 Rad8 16. Qg3 Qe6 17. f3 Nxb3 18. cxb3 d4 19. Ne4 Bxe4 20. Rxe4 c5 21. Bc1 Rd5 22. Rde1 Rfd8 23. f4 Qg6 24. Qf3 b5 25. f5 Qb6 26. f6 Bf8 27. fxg7 Bxg7 28. Bg5 f6 29. Bxf6 Bxf6 30. exf6 R5d7 31. Qg4+ Kf8 32. Re8+ Rxe8 33. Rxe8+ 1-0